Experimental biochemistry / (Record no. 12473)
[ view plain ]
| 000 -LEADER | |
|---|---|
| fixed length control field | 00359cam a2200145 a 4500 |
| 020 ## - INTERNATIONAL STANDARD BOOK NUMBER | |
| ISBN | 0205080731 |
| 040 ## - CATALOGING SOURCE | |
| Transcribing agency | DLC |
| 082 00 - DEWEY DECIMAL CLASSIFICATION NUMBER | |
| Classification number | 574 ALL 1984 A033 Or. |
| 100 1# - MAIN ENTRY--AUTHOR NAME | |
| Personal name | Stenesh, J., |
| 245 10 - TITLE STATEMENT | |
| Title | Experimental biochemistry / |
| 260 ## - PUBLICATION, DISTRIBUTION, ETC. (IMPRINT) | |
| Place of publication | Boston : |
| Name of publisher | Allyn and Bacon, |
| Year of publication | c1984. |
| 300 ## - PHYSICAL DESCRIPTION | |
| Number of Pages | viii, 599 p. : |
| Other physical details | ill. ; |
| Dimensions | 25 cm. |
| 650 #0 - SUBJECT ADDED ENTRY--TOPICAL TERM | |
| Topical Term | Biochemistry |
| 942 ## - ADDED ENTRY ELEMENTS (KOHA) | |
| Koha item type | សៀវភៅភាសាអង់គ្លេស |
| 952 ## - LOCATION AND ITEM INFORMATION (KOHA) | |
| Withdrawn status [LOCAL, KOHA] | 0 |
| Permanent Location | Date acquired | Koha item type | Lost status | Shelving location | Barcode | Current Location | Full call number |
|---|---|---|---|---|---|---|---|
| Library Block A | 2017-08-14 | សៀវភៅភាសាអង់គ្លេស | A033 | A18088 | Library Block A | 574 ALL 1984 A033 Or. |